01059 2200325 4500001002100000005001500021035002000036007000300056008004100059020002200100082001600122084001800138100002900156245015000185250003500335300004700370500001100417650002300428700003200451504003300483264004300516336002100559337003000580338002300610040002200633090002200655850001200677999002200689990002200711INLIS00000000088777120240620124151 a0010-0624000673ta240620s2023 yoia g 001 | ind d a978-623-8026-20-304223a297.267 a297.267 AHM s0 aAhmad MustofaePengarang10aStruktur nalar Jawa Islam :bnegosiasi & kompromi pemahat muslim terdapat doktrin larangan mematung /cAhmad Mustofa; penyunting, Ahmad Saifuddin aCetakan Pertama, Februari 2023 axii, 390 halaman :bgambar, tabel ;c21 cm aIndeks 4aIslam dan kesenian0 aAhmad SaifuddinePenyunting aBibliografi: halaman 375-38631aYogyakarta :bArti Bumi Intaran,c2023 2rdacontentateks 2rdamediaatanpa perantara 2rdacarrieravolume aYOPDYOGbinderda aCB-D.11 2023-5471 aYOPDYOG aCB-D.11/2023-5471 aCB-D.11/2023-5471